|
|
|
|
| LEADER |
00000nab a2200000uu 4500 |
| 001 |
vtls011458925 |
| 003 |
SK-MaSNL |
| 005 |
20260304013355.0 |
| 008 |
230218|2014 xo |||||||||||||||||slo| |
| 015 |
|
|
|a SNBRB
|
| 035 |
|
|
|a (urnnbn)urn:nbn:sk:snk:ar-a0a6f3
|
| 035 |
|
|
|a (uuid)02af968f-8c77-4cbc-80e5-ed2ac8cd7dc9
|
| 035 |
|
|
|a urn:nbn:sk:snk-abct6c
|
| 040 |
|
|
|a SNKBUCL
|b slo
|c SNKBUCL
|e AACR2
|
| 041 |
0 |
|
|a slo
|
| 044 |
|
|
|a xo
|c SK
|
| 100 |
1 |
|
|a Džupina, Andrej,
|c st
|4 aut
|9 192417
|
| 245 |
1 |
0 |
|a Manažment pacientov s trombózou povrchových žíl na dolných končatinách
|c Andrej Džupina
|
| 773 |
0 |
|
|t Dermatológia pre prax
|g Roč. 8, č. 1 (2014), s. 29-32
|
| 954 |
|
|
|a odborná, vedecká literatúra pôvodná (slovenská)
|2 lita
|
| 958 |
|
|
|a OND
|
| 958 |
|
|
|a EUIPO
|
| 958 |
|
|
|a article16
|
| 999 |
|
|
|c 2575562
|d 2577492
|